Marcatori serie a 2025-26 fino alla 36esima giornata - Statistics

Statistiche generali
  • Questo quiz è stato fatto 145 volte
    34 dall'ultimo reset
  • Il punteggio medio è 202 su 287
Statistiche sulle risposte
Squadra N. Goal Calciatore % Corretto
Como 12 Anastasios Douvikas
100%
Roma 11 Donyell Malen
100%
Atalanta 10 Gianluca Scamacca
100%
Torino 10 Giovanni Simeone
100%
Udinese 10 Keinan Davis
100%
Juventus 3 Kephren Thuram
100%
Inter 16 Lautaro Martinez
100%
Inter 13 Marcus Thuram
100%
Como 12 Nico Paz
100%
Milan 8 Christian Pulisic
96%
Cremonese 8 Federico Bonazzoli
96%
Inter 9 Hakan Calhanoglu
96%
Juventus 10 Kenan Yildiz
96%
Genoa 7 Lorenzo Colombo
96%
Parma 8 Mateo Pellegrino
96%
Milan 9 Rafael Leao
96%
Bologna 7 Santiago Castro
96%
Napoli 9 Scott McTominay
96%
Genoa 1 Aaron Martin
91%
Milan 6 Adrien Rabiot
91%
Sassuolo 8 Andrea Pinamonti
91%
Sassuolo 6 Armand Lauriente
91%
Torino 5 Che Adams
91%
Sassuolo 8 Domenico Berardi
91%
Inter 6 Federico Dimarco
91%
Fiorentina 8 Moise Kean
91%
Atalanta 10 Nikola Krstovic
91%
Inter 6 Piotr Zielinski
91%
Napoli 10 Rasmus Hojlund
91%
Bologna 8 Riccardo Orsolini
91%
Juventus 3 Andrea Cambiaso
87%
Inter 5 Ange-Yoan Bonny
87%
Juventus 4 Dusan Vlahovic
87%
Inter 6 Francesco Pio Esposito
87%
Roma 6 Matias Soule
87%
Torino 8 Nikola Vlasic
87%
Fiorentina 5 Albert Gudmundsson
83%
Inter 1 Alessandro Bastoni
83%
Napoli 4 Andrè-Frank Zambo-Anguissa
83%
Juventus 4 Bremer
83%
Roma 2 Bryan Cristante
83%
Milan 5 Christopher Nkunku
83%
Juventus 2 Federico Gatti
83%
Juventus 3 Francisco Conceicao
83%
Roma 2 Gianluca Mancini
83%
Verona 7 Gift Orban
83%
Cremonese 5 Jaimy Vardy
83%
Juventus 6 Jonathan David
83%
Napoli 5 Kevin De Bruyne
83%
Roma 4 Lorenzo Pellegrini
83%
Lazio 1 Luca Pellegrini
83%
Milan 2 Luka Modric
83%
Juventus 1 Manuel Locatelli
83%
Cagliari 1 Marco Palestra
83%
Inter 3 Nicolò Barella
83%
Fiorentina 6 Rolando Mandragora
83%
Genoa 6 Ruslan Malinovsky
83%
Cagliari 6 Sebastiano Esposito
83%
Genoa 5 Vitinha
83%
Roma 5 Wesley
83%
Juventus 5 Weston McKennie
83%
Atalanta* 2 Ademola Lookman
78%
Udinese 5 Arthur Atta
78%
Torino 5 Cesare Casadei
78%
Atalanta 3 Charles De Ketelaere
78%
Milan 2 Davide Bartesaghi
78%
Napoli 3 David Neres
78%
Inter 3 Denzel Dumfries
78%
Fiorentina 1 Dodo
78%
Torino 3 Duvan Zapata
78%
Atalanta 1 Ederson
78%
Roma 3 Evan Ferguson
78%
Bologna 2 Federico Bernardeschi
78%
Juventus 4 Jeremie Boga
78%
Genoa 5 Leo Ostigard
78%
Bologna 1 Lewis Ferguson
78%
Como 4 Lucas Da Cunha
78%
Como 4 Marc-Oliver Kempf
78%
Atalanta 3 Mario Pasalic
78%
Como 6 Martin Baturina
78%
Napoli 2 Matteo Politano
78%
Lazio 3 Mattia Zaccagni
78%
Pisa/Sassuolo 4 Mbala Nzola
78%
Udinese 5 Nicolò Zaniolo
78%
Roma 2 Paulo Dybala
78%
Juventus 2 Pierre Kalulu
78%
Fiorentina 3 Roberto Piccoli
78%
Napoli 1 Romelu Lukaku
78%
Pisa 6 Stefano Moreo
78%
Lazio 4 Tijjani Noslin
78%
Juventus 1 Vasilije Adzic
78%
Milan 2 Youssouf Fofana
78%
Napoli 3 Alisson Santos
74%
Roma 3 Artem Dovbyk
74%
Genoa 4 Caleb Ekuban
74%
Inter 1 Carlos Augusto
74%
Fiorentina 2 Cher Ndour
74%
Udinese 3 Christian Kabasele
74%
Sassuolo 2 Cristian Volpato
74%
Atalanta 2 Davide Zappacosta
74%
Bologna/Juventus 1 Emil Holm
74%
Roma 3 Evan N'Dicka
74%
Cagliari 4 Gennaro Borrelli
74%
Atalanta 3 Giorgio Scalvini
74%
Verona/Napoli 3 Giovane
74%
Napoli 1 Giovanni Di Lorenzo
74%
Lazio 5 Gustav Isaksen
74%
Inter 3 Henrik Mkhitaryan
74%
Atalanta 1 Isak Hien
74%
Sassuolo 6 Ismael Kone
74%
Bologna 5 Jeans Odgaard
74%
Como 1 Jesus Rodriguez
74%
Bologna 1 Juan Miranda
74%
Udinese 5 Jurgen Ekkelenkamp
74%
Verona 3 Kieron Bowie
74%
Lecce 4 Lameck Banda
74%
Napoli 3 Leonardo Spinazzola
74%
Juventus 1 LLoyd Kelly
74%
Juventus 1 Lois Openda
74%
Fiorentina 1 Luca Ranieri
74%
Roma 2 Manuel Kone
74%
Atalanta/Fiorentina 2 Marco Brescianini
74%
Atalanta 1 Marten De Roon
74%
Lazio 4 Matteo Cancellieri
74%
Pisa 2 Matteo Tramoni
74%
Como 3 Maximo Perrone
74%
Cagliari 2 Michael Folorunsho
74%
MIlan 1 Niclas Fullkrug
74%
Bologna 3 Nicolò Cambiaghi
74%
Lecce 3 Nikola Stulic
74%
Lazio 4 Pedro
74%
Lecce 1 Santiago Pierotti
74%
Napoli 1 Stanislav Lobotka
74%
Milan 4 Stranja Pavlovic
74%
Lazio* 2 Valentin Castellanos
74%
Sassuolo/Lecce 2 Walid Cheddira
74%
Cagliari 1 Yerry Mina
74%
Parma 3 Adrian Bernabe
70%
Milan 2 Alexis Saelemaekers
70%
Como 1 Alex Valle
70%
Cremonese 1 Antonio Sanabria
70%
Lazio 1 Boulaye Dia
70%
Lazio 3 Danilo Cataldi
70%
Parma 2 Enrico Delprato
70%
Juventus 1 Fabio Miretti
70%
Cremonese 2 Federico Baschirotto
70%
Lecce 1 Francesco Camarda
70%
Atalanta 2 Giacomo Raspadori
70%
Bologna/Fiorentina 2 Giovanni Fabbian
70%
Como 2 Jacobo Ramon
70%
Juventus/Bologna 1 Joao Mario
70%
Pisa 1 Juan Cuadrado
70%
Lazio 3 Kenneth Taylor
70%
Sassuolo 3 Kristian Thorstvedt
70%
Napoli* 1 Lorenzo Lucca
70%
Inter 1 Luis Henrique
70%
Fiorentina 2 Manor Solomon
70%
Inter 2 Manuel Akanji
70%
Roma 3 Mario Hermoso
70%
Lazio* 2 Matteo Guendouzi
70%
Como 2 Maxence Caqueret
70%
Genoa 1 Morten Frendrup
70%
Fiorentina 2 Niccolò Fagioli
70%
Roma 2 Niccolò Pisilli
70%
Udinese 3 Oumar Solet
70%
Milan 1 Pervis Estupinan
70%
Inter 1 Petar Sucic
70%
Fiorentina 1 Pietro Comuzzo
70%
Bologna 1 Remo Freuler
70%
Fiorentina 3 Robin Gosens
70%
Milan 3 Ruben Loftus-Cheek
70%
Milan 1 Samuele Ricci
70%
Bologna 2 Thijs Dallinga
70%
Inter 3 Yann Aurel Bisseck
70%
Milan 1 Zachary Athekame
70%
Como 1 Alberto Moreno
65%
Napoli 1 Amir Rrahmani
65%
Parma 2 Antonio Caracciolo
65%
Napoli 1 Antonio Vergara
65%
Como 2 Assane Diao
65%
Genoa 2 Brooke Norton-Cuffy
65%
Parma 1 Christian Ordonez
65%
Atalanta/Lazio 2 Daniel Maldini
65%
Como 1 Diego Carlos
65%
Juventus 3 Filip Kostic
65%
Cagliari 1 Ibrahim Sulemana
65%
Pisa 1 Idrissa Toure
65%
Fiorentina 1 Jack Harrison
65%
Cremonese 1 Jari Vandeputte
65%
Genoa 3 Jeff Ekhator
65%
Bologna 1 John Lucumi
65%
Genoa 3 Junior Messias
65%
Atalanta 2 Kamaldeen Sulemana
65%
Milan 1 Koni De Winter
65%
Cagliari 2 Luca Mazzitelli
65%
Lecce 2 Medon Berisha
65%
Sassuolo 1 Nemanja Matic
65%
Bologna 2 Nikola Moro
65%
Atalanta 2 Nikola Zalewski
65%
Napoli* 1 Noa Lang
65%
Torino 1 Saul Coco
65%
Cagliari/Cremonese 1 Sebastiano Luperto
65%
Cagliari 4 Semih Kilicsoy
65%
Sassuolo 2 Tarik Muharemovic
65%
Lecce 2 Tiago Gabriel
65%
Lazio 2 Toma Basic
65%
Roma/Genoa 1 Tommaso Baldanzi
65%
Bologna 2 Tommaso Pobega
65%
Lecce 1 Ylber Ramadani
65%
Roma 1 Zeki Celik
65%
Udinese 2 Adam Buksa
61%
Lazio 1 Adam Marusic
61%
Parma 1 Alessandro Circati
61%
Torino 1 Alieu Njie
61%
Napoli 1 Billy Gilmour
61%
Cagliari 2 Giangluca Gaetano
61%
Pisa 2 Henrik Meister
61%
Udinese 1 Jakub Piotrowski
61%
Como 3 Jayden Addai
61%
Bologna 2 Jonathan Rowe
61%
Lecce 2 Konan N'dri
61%
Atalanta 2 Lazar Samardzic
61%
Pisa 2 Mehdi Leris
61%
Como 2 Mergim Vojvoda
61%
Genoa/Cremonese 3 Morten Thorsby
61%
Como 1 Nicolas Kuhn
61%
Pisa 1 Rafiu Durosinmi
61%
Lecce 1 Riccardo Sottil
61%
Roma 1 Robinho Vaz
61%
Napoli 2 Sam Beukema
61%
Udinese 3 Thiesson Kristensen
61%
Udinese 1 Alessandro Zanoli
57%
Cagliari 2 Andrea Belotti
57%
Torino* 1 Ciril Ngonge
57%
Fiorentina 1 Fabiano Parisi
57%
Cremonese 2 Filippo Terracciano
57%
Cremonese* 1 Franco Vazquez
57%
Torino 2 Guillermo Maripan
57%
Udinese 2 Kingsley Ehizibue
57%
Lecce 3 Lassana Coulibaly
57%
Cremonese* 1 Manuel De Luca
57%
Verona 2 Martin Frese
57%
Cagliari/Torino 1 Matteo Prati
57%
Pisa 1 Michel Aebischer
57%
Atalanta 1 Odilon Kossounou
57%
Parma* 1 Patrik Cutrone
57%
Cagliari 2 Paul Mendy
57%
Verona 2 Rafik Belghali
57%
Verona 1 Roberto Gagliardini
57%
Sassuolo 1 Ulisses Garcia
57%
Cremonese 1 Youssef Maleh
57%
Cremonese* 1 Dennis Johnsen
52%
Napoli 1 EljIf Elmas
52%
Pisa 1 Felipe Loyola
52%
Parma 1 Gabriel Strefezza
52%
Lecce 1 Jamil Siebert
52%
Verona 1 Jean Akpa-Akpro
52%
Juventus 2 Juan Cabal
52%
Cagliari 1 Leonardo Pavoletti
52%
Parma 1 Mariano Troilo
52%
Cagliari 2 Mattia Felici
52%
Cagliari 1 Michel Adopo
52%
Pisa 1 Simone Canestrelli
52%
Verona 2 Suat Serdar
52%
Sassuolo 2 Alieou Fadera
48%
Verona 1 Antoine Bernede
48%
Cremonese 1 Martin Payero
48%
Genoa 1 Mikael Ellertsson
48%
Parma 2 Nesta Elpeghe
48%
Lecce 2 Omri Gandelman
48%
Como* 1 Stefan Posch
48%
Cagliari 1 Yael Trepy
48%
Parma* 1 Adrian Benedyczak
43%
Cremonese 1 Francesco Folino
43%
Udinese* 1 Iker Bravo
43%
Udinese 1 Jesper Karlstorm
43%
Pisa 1 Lloran
43%
Cagliari 2 Riyad Idrissi
43%
Verona 1 Abdou Harroui
39%
Cremonese 1 David Okereke
39%
Sassuolo 1 Edoardo Iannoni
39%
Atalanta 1 Yunus Musah
39%
Napoli 1 Miguel Guiterrez
35%
Torino 1 Emirhan Ilkhan
30%
Parma 1 Gaetano Oristanio
30%
Parma 1 Oliver Sorensen
30%
Roma 1 Neil El Aynaoui
26%
Nessun quiz corrispondente trovato
Distribuzione punteggi
Percentuale di utenti per punteggio
Percentile per numero di risposta
I tuoi punteggi nel tempo
Non hai fatto questo quiz dall'ultimo reset